000 00534nam a22001817a 4500
005 20251108165339.0
008 250721s2002 xx 000 0 ara d
082 1 4 _a320.540956/عبد
100 1 _aعبد الدايم، عبد الله
245 1 0 _aالأعمال القومية /
264 1 _aعمان :
_bدار الفارس،
_c2002.
300 _a800ص.
650 1 7 _aالقومية العربية
650 1 7 _aالوحدة العربية
650 1 7 _aالقوميون العرب
942 _2ddc
_cBK
999 _c25691
_d25691